| 000 | 00387nam a2200157Ia 4500 | ||
|---|---|---|---|
| 003 | OSt | ||
| 005 | 20231103154944.0 | ||
| 008 | 230503s9999 xx 000 0 und d | ||
| 082 |
_a335.954 _bNARS |
||
| 100 | _aNARAYAN, Jayaprakash | ||
| 245 | 0 | _aSocialism sarvodaya and democracy | |
| 260 |
_aNew York _bAsia Publishing _c1964 |
||
| 300 | _a287p | ||
| 650 | _aeconomics | ||
| 942 |
_cBK _2ddc |
||
| 999 |
_c2038 _d2038 |
||